Conflicto en latinoamérica: Un estudio sobre la paz /
محفوظ في:
| المؤلف الرئيسي: | |
|---|---|
| مؤلف مشترك: | |
| التنسيق: | كتاب |
| اللغة: | Spanish |
| منشور في: |
Azcapotzalco, Distrito Federal, México
Universidad Autónoma Metropolitana
1986
|
| الموضوعات: | |
| الوسوم: |
إضافة وسم
لا توجد وسوم, كن أول من يضع وسما على هذه التسجيلة!
|
MARC
| LEADER | 00000nam a2200000 4500 | ||
|---|---|---|---|
| 003 | cru CIDCACS/IIS | ||
| 005 | 20190121103902.0 | ||
| 008 | 190121b1986 MX ||||| |||| 00| 0 spa d | ||
| 999 | |c 42078 |d 42078 | ||
| 040 | |c cru CIDCACS/IIS | ||
| 090 | |a REV0001 7(17) 1986 | ||
| 100 | |9 8240 |a López Hernández, María Victoria | ||
| 110 | |9 8187 |a Universidad Autónoma Metropolitana, UAM | ||
| 245 | |a Conflicto en latinoamérica: |b Un estudio sobre la paz / |c María Victoria López Hernández | ||
| 260 | |a Azcapotzalco, Distrito Federal, México |b Universidad Autónoma Metropolitana |c 1986 | ||
| 300 | |a Páginas 31-60 | ||
| 650 | 4 | |9 2646 |a RELACIONES INTERNACIONALES | |
| 650 | 0 | |9 382 |a POLITICA INTERNACIONAL | |
| 650 | 4 | |9 1848 |a DIPLOMACIA | |
| 650 | 0 | |9 138 |a PAZ | |
| 650 | 0 | |9 8239 |a ARMAMENTISMO | |
| 650 | 0 | |9 500 |a ACTIVIDAD MILITAR | |
| 650 | 0 | |9 378 |a GUERRA | |
| 651 | 0 | |9 17 |a AMERICA LATINA | |
| 651 | 0 | |9 128 |a AMERICA CENTRAL | |
| 773 | 0 | |0 18805 |9 2594 |d Azcapotzalco UAM |o 02235 |t AZCAPOTZALCO | |
| 942 | |2 ddc |c PP | ||
